Southville International School and Colleges
Your cart is empty.
  • Cart
  • Lists
    Public lists Eva Luna New books Lux_list list_1
    Your lists Log in to create your own lists
  • Log in to your account
  • Your cookies
  • Search history
Southville International School and Colleges
  • Advanced search
  • Recent comments
  • Most popular
  • Libraries

Log in to your account

Log in with GOOGLE


If you do not have an external account, but do have a local account, you can still log in:

  1. Home
  2. MARC view: Medical terminology complete! /
Normal view MARC view ISBD view

Medical terminology complete! / (Record no. 13777)

[ view plain ]
MARC details
000 -LEADER
fixed length control field 01115cam a2200289 a 4500
001 - CONTROL NUMBER
control field 15250716
003 - CONTROL NUMBER IDENTIFIER
control field OSt
005 - DATE AND TIME OF LATEST TRANSACTION
control field 20140310182458.0
008 - FIXED-LENGTH DATA ELEMENTS--GENERAL INFORMATION
fixed length control field 080407s2009 njua 001 0 eng
010 ## - LIBRARY OF CONGRESS CONTROL NUMBER
LC control number 2008015297
020 ## - INTERNATIONAL STANDARD BOOK NUMBER
International Standard Book Number 9780135133958
020 ## - INTERNATIONAL STANDARD BOOK NUMBER
International Standard Book Number 0135133955
035 ## - SYSTEM CONTROL NUMBER
System control number (OCoLC)221961208
040 ## - CATALOGING SOURCE
Original cataloging agency DLC
Transcribing agency DLC
Modifying agency YDX
-- BAKER
-- BTCTA
-- YDXCP
-- DLC
050 00 - LIBRARY OF CONGRESS CALL NUMBER
Classification number R 123
Item number .W527 2009
100 1# - MAIN ENTRY--PERSONAL NAME
Personal name Wingerd, Bruce D.
9 (RLIN) 8538
245 10 - TITLE STATEMENT
Title Medical terminology complete! /
Statement of responsibility, etc Bruce Wingerd.
260 ## - PUBLICATION, DISTRIBUTION, ETC. (IMPRINT)
Place of publication, distribution, etc Upper Saddle River, N.J. :
Name of publisher, distributor, etc Pearson,
Date of publication, distribution, etc c2009.
300 ## - PHYSICAL DESCRIPTION
Extent 500 p. :
Other physical details col. ill. ;
Dimensions 28 cm.
Accompanying material 1 CD-ROM (4 3/4 in.)
500 ## - GENERAL NOTE
General note Includes bibliographical references and index.
650 #0 - SUBJECT ADDED ENTRY--TOPICAL TERM
Topical term or geographic name as entry element Medicine
General subdivision Terminology
Form subdivision Programmed instruction.
9 (RLIN) 8539
856 41 - ELECTRONIC LOCATION AND ACCESS
Materials specified Table of contents only
Uniform Resource Identifier <a href="http://www.loc.gov/catdir/toc/ecip0815/2008015297.html">http://www.loc.gov/catdir/toc/ecip0815/2008015297.html</a>
906 ## - LOCAL DATA ELEMENT F, LDF (RLIN)
a 7
b cbc
c orignew
d 1
e ecip
f 20
g y-gencatlg
942 ## - ADDED ENTRY ELEMENTS (KOHA)
Source of classification or shelving scheme Library of Congress Classification
Koha item type
Holdings
Withdrawn status Lost status Source of classification or shelving scheme Damaged status Home library Current library Shelving location Date acquired Source of acquisition Total Checkouts Total Renewals Full call number Barcode Date last seen Date checked out Copy number Price effective from Koha item type
    Library of Congress Classification   South SEED-LPDH College Library South SEED-LPDH College Library South SEED-LPDH College Section 08/06/2013 Donation 2 28 R 123 .W527 2009 SSLC0196 05/18/2019 01/16/2019 1 08/06/2013 Books

Medical terminology complete! /

APA

Wingerd B. D., . (2009). Medical terminology complete!. Upper Saddle River, N.J: Pearson.

Chicago

Wingerd Bruce D, . 2009. Medical terminology complete!. Upper Saddle River, N.J: Pearson.

Harvard

Wingerd B. D., . (2009). Medical terminology complete!. Upper Saddle River, N.J: Pearson.

MLA

Wingerd Bruce D, . Medical terminology complete!. Upper Saddle River, N.J: Pearson. 2009.

  • Place hold
  • Print
  • Cite
  • Add to your cart (remove)
  • Save record
    BIBTEX Dublin Core MARCXML MARC (non-Unicode/MARC-8) MARC (Unicode/UTF-8) MARC (Unicode/UTF-8, Standard) MODS (XML) RIS
  • More searches
    Search for this title in:
    Other Libraries (WorldCat) Other Databases (Google Scholar) Online Stores (Bookfinder.com) Open Library (openlibrary.org)

Exporting to Dublin Core...

SOUTHVILLE LIBRARY

Southville International School and Colleges Library

1281 Tropical Ave. Cor. Luxembourg St., BF Homes International, Las Pinas City

Tel. No. 8256374 / 252358 Loc. 117/146

Powered by Koha